Storia politico-militare della guerra dell'indipendenza italiana (1859-1860) / (Record no. 152294)

MARC details
000 -LEADER
campo de control de longitud fija 00931nam a22002415i 4500
001 - NÚMERO DE CONTROL
campo de control 152294
003 - IDENTIFICADOR DE NÚMERO DE CONTROL
campo de control ES-MaACL
005 - FECHA Y HORA DE LA ÚLTIMA TRANSACCIÓN
campo de control 20230906204628.0
008 - DATOS DE LONGITUD FIJA--INFORMACIÓN GENERAL
campo de control de longitud fija 051014m18611867it af | |||||||| ||ita d
040 ## - FUENTE DE CATALOGACIÓN
Centro catalogador/agencia de origen CAM
Lengua de catalogación spa
Centro/agencia transcriptor CAM
100 1# - ENTRADA PRINCIPAL--NOMBRE DE PERSONA
Nombre de persona Boggio, Pier Carlo.
9 (RLIN) 29802
245 10 - MENCIÓN DEL TÍTULO
Título Storia politico-militare della guerra dell'indipendenza italiana (1859-1860) /
Mención de responsabilidad, etc. compilata ... Pier Carlo Boggio.
250 ## - MENCION DE EDICION
Mención de edición 2ª ed.
260 ## - PUBLICACIÓN, DISTRIBUCIÓN, ETC.
Lugar de publicación, distribución, etc. Torino :
Nombre del editor, distribuidor, etc. [s.n.],
Fecha de publicación, distribución, etc. 1861-1867 (
Fabricante Tipografia Scolastica di Sebastiano Franco e Figli e Comp.)
300 ## - DESCRIPCIÓN FÍSICA
Extensión 3 v., lám. ;
Dimensiones 28 cm.
597 ## - NOTA DE DESCRIPCIÓN FÍSICA
NOTA DE DESCRIPCIÓN FÍSICA T. I. 1861 (618 p.) -- T. II. 1865 (611 p.) -- T. III. 1867 (439 p.)
599 ## - NOTA A LAS ILUSTRACIONES
NOTA A LAS ILUSTRACIONES Las h. de lám. lit., retratos y alegóricas.
651 #4 - PUNTO DE ACCESO ADICIONAL DE MATERIA--NOMBRE GEOGRÁFICO
Nombre geográfico Italia-
Subdivisión general Historia-
Subdivisión cronológica 1859-1860.
9 (RLIN) 221842
700 1# - ENTRADA AGREGADA--NOMBRE PERSONAL
Nombre de persona Franco, Sebastiano e Figli,
Término indicativo de función/relación
9 (RLIN) 127143
752 ## - ENTRADA AGREGADA--NOMBRE JERÁRQUICO DEL LUGAR
País o entidad superior Italia -
Ciudad Turín
852 ## - LOCALIZACIÓN
Ubicación ES-MaACL
Número de control de estantería G-3011-3013
Nota libre -- Enc. hol.
Holdings
Estatus retirado Estado de pérdida Estado de daño No para préstamo Colección Biblioteca de origen Biblioteca actual Ubicación en estantería Fecha de adquisición Fuente de adquisición Total de préstamos Signatura topográfica completa Código de barras Visto por última vez Precio de reemplazo Tipo de ítem Koha
        Libros del s. XIX Biblioteca del Ateneo de Madrid Biblioteca del Ateneo de Madrid Depósito 2 17/01/2008     G-3011-3013 1159008 23/02/2023 23/02/2023 Libro impreso antiguo